000 00408nam a2200121 4500
245 _aGeology of clays : weathering, sedimentology, geochemistry
_cby Georges Millot ; translated by W R Farrand and Helene Paquet
100 _aMillot, Georges
710 _aFarrand, W. R.
710 _aPaquet, Helene
260 _aNewyork
_bSpringer Verlag
_c1970
300 _axvi,429p. , 2plates. ; 25cm
082 _a551.61
_b MIL
999 _c3639
_d3639